[Event "GBR-ch 103rd"]
[Site "Bournemouth"]
[Date "2016.08.02"]
[Round "8"]
[White "Adams, Michael"]
[Black "Eggleston, David"]
[Result "1-0"]
[WhiteElo "2727"]
[BlackElo "2376"]
[Annotator "Besenthal,K"]
[PlyCount "81"]
[EventDate "2016.07.25"]
[EventType "swiss"]
[EventRounds "11"]
[EventCountry "ENG"]
[SourceTitle "CBM 173 Extra"]
[Source "ChessBase"]
[SourceDate "2016.08.29"]
[SourceVersion "1"]
[SourceVersionDate "2016.08.29"]
[SourceQuality "1"]

1. e4 c5 2. Nf3 d6 3. d4 Nf6 4. Nc3 cxd4 5. Nxd4 a6 6. g3 e5 7. Nde2 Be7 8. Bg2
O-O 9. O-O Be6 10. a4 Nbd7 11. Be3 Ng4 12. Bd2 Ngf6 13. a5 Qc7 14. b3 Rfc8 15.
Ra2 b5 16. axb6 Nxb6 17. Qa1 Qb7 18. Rd1 Bd7 19. Bg5 Rc6 20. h3 h6 21. Be3 Qc8
22. Kh2 Bd8 23. Rd2 {Diagramm [#] Adams hat getan, was man so tut, wenn man
als Michael Adams auf einen schwächeren Gegner trifft: Er hat seine Figuren
gegen a6 und d6 in Stellung gebracht, hat sich um ausreichende Deckung für
das wichtige Feld g4 gekümmert - und geduldig auf eine Chance zum Losschlagen
gewartet.} h5 {Der Lohn für Adams bisherige Anstrengungen: Er hält die
Initiative fest in der Hand, während Schwarz nicht viel tun kann. h6-h5 ist
vielleicht kein Fehler, aber der Zug stellt eine "Lockerung" dar, die Adams
mit Sicherheit willkommen gewesen ist.} 24. Rd3 Ne8 25. Qd1 a5 26. Nb5 {
Diagramm [#] Besetzt sofort das neu geschaffene "Loch".} Qb8 27. f4 $1 {
Diagramm [#] Mehr "Vorbereitungen" konnte Weiß wohl nicht mehr treffen. In
einer Situation, wo Schwarz noch in der Lage war, alle seine Schwächen zu
decken, schafft dieser Hebel einen neuen Brandherd. Dass der schwarze König
auf seiner Brettseite ziemlich alleine zu Hause war, hatte Adams dabei mit
Sicherheit einkalkuliert.} Bf6 28. fxe5 Bxe5 29. Nbd4 Rc8 30. Nf3 {Diagramm [#]
} Be6 $6 (30... Bb5 $1 {häufig ist es für den Verteidiger besser, seine
aktiven Möglichkeiten zu nutzen.}) 31. Nf4 Bxf4 $2 (31... Nd7 $1) 32. gxf4 a4
33. Ng5 {Diagramm [#] Jetzt profitiert Weiß so richtig von dem schwarzen
h6-h5.} axb3 34. Rxa8 Nxa8 (34... bxc2 35. Rxb8 cxd1=Q 36. Rxc8 Qa4 37. Rxe8+
Qxe8 38. Bxb6 $16 {war hartnäckiger.}) 35. cxb3 g6 (35... Nf6 36. Nxe6 fxe6
37. Rxd6 $18) 36. f5 d5+ 37. Kh1 gxf5 38. exd5 Bd7 39. Qxh5 Nd6 40. Bf4 Qb4 41.
Qh7+ 1-0

[Event "Interzonal-14c"]
[Site "Zagreb"]
[Date "1987.??.??"]
[Round "8"]
[White "Inkiov, Ventzislav"]
[Black "Ehlvest, Jaan"]
[Result "0-1"]
[WhiteElo "2485"]
[BlackElo "2540"]
[Annotator "Boensch,U"]
[PlyCount "86"]
[EventDate "1987.08.01"]
[EventType "tourn"]
[EventRounds "17"]
[EventCountry "YUG"]
[EventCategory "12"]
[SourceTitle "CBM 004"]
[Source "ChessBase"]
[SourceDate "1988.06.01"]
[SourceVersion "1"]
[SourceVersionDate "1988.06.01"]
[SourceQuality "1"]

1. e4 c5 2. Nf3 d6 3. d4 cxd4 4. Nxd4 Nf6 5. Nc3 a6 6. g3 e5 7. Nde2 Be7 8. Bg2
Nbd7 9. h3 $5 {/\g4} (9. O-O $6) (9. a4) 9... b5 10. a3 Bb7 11. g4 $1 Nb6 $6 (
11... Nc5 12. Ng3 O-O $14) 12. Ng3 g6 13. O-O $6 (13. Bh6 $142 $14) 13... h5
$10 14. g5 Nfd7 15. h4 Rc8 16. Nd5 Nxd5 17. exd5 Rc4 (17... Qc7 18. Be4 Nc5 19.
Bg2 Nd7 $10 (19... f5 $13)) 18. f4 $1 Qb6+ $6 (18... f5 $142 $13) 19. Kh1 Qd4
20. Qxd4 Rxd4 21. b3 $8 (21. Be3 Rc4 22. c3 f5 $17) 21... f5 $2 (21... Bxd5 22.
Be3 Bxg2+ 23. Kxg2 Rd5 24. f5 $44 {>< Rd5}) 22. Be3 $2 (22. Ne2 $1 {/\} Rxd5
23. c4 $18) 22... Rxd5 23. Ne2 $6 (23. Bxd5 $142) 23... e4 24. Nc3 Rc5 25. Bxc5
Nxc5 26. Rad1 Kd7 27. Nd5 Bxd5 28. Rxd5 Rc8 $17 {<->c; >< f4} 29. Rf2 Ne6 30.
Bf1 Rc3 31. a4 Kc6 32. Rd1 Bd8 $1 $19 {>< f4} 33. axb5+ axb5 34. Rfd2 (34. Ra1
Bb6) 34... Bc7 35. Rd5 Nxf4 36. Bxb5+ Kb6 37. Be8 Rh3+ 38. Kg1 Nxd5 39. Rxd5 f4
40. Bxg6 e3 41. Rd3 Rh1+ 42. Kxh1 e2 43. Kg2 e1=Q 0-1

[Event "USA-ch"]
[Site "USA"]
[Date "1989.??.??"]
[Round "9"]
[White "Ivanov, Alexander"]
[Black "Rohde, Michael A"]
[Result "0-1"]
[WhiteElo "2460"]
[BlackElo "2550"]
[Annotator "Boensch,U"]
[PlyCount "51"]
[EventDate "1989.11.??"]
[EventType "tourn"]
[EventRounds "15"]
[EventCountry "USA"]
[EventCategory "12"]
[SourceTitle "CBM 019"]
[Source "ChessBase"]
[SourceDate "1990.12.01"]
[SourceVersion "1"]
[SourceVersionDate "1990.12.01"]
[SourceQuality "1"]

1. e4 {Bönsch} c5 2. Nf3 d6 3. d4 cxd4 4. Nxd4 Nf6 5. Nc3 a6 6. g3 e5 7. Nde2 (
7. Nb3 Bg4 8. Be2 Bh3 9. f3 Nbd7 10. Be3 h5 11. Qd2 Rc8 12. O-O-O b5 13. Kb1
Qc7 {remis; Popovic - Spraggett, Manila izt 1990}) 7... b5 8. Bg5 Be7 (8...
Nbd7 9. Nd5 Be7 10. Bxf6 Nxf6 11. Nec3 Be6 12. a4 b4 13. Nxb4 Qa5 14. Nc6 Qc5
15. Nxe7 Kxe7 16. Qd2 Rhb8 17. Rb1 Rb4 18. Bd3 Rab8 19. O-O a5 20. Qc1 h6 21.
Re1 Ng4 22. Nd1 Rxa4 23. c3 Ba2 $13 {Ivanov,Al - De Firmian, USA-ch 1989}) 9.
Bxf6 Bxf6 10. a4 b4 11. Nd5 Bb7 12. c3 Nc6 (12... a5 $5) (12... bxc3 13. Nexc3
$16) 13. cxb4 Nxb4 $5 $13 14. Nxb4 Bxe4 15. Rg1 Rb8 16. Qd2 (16. Nd3 Bxd3 17.
Qxd3 Rxb2 18. Qxa6 O-O 19. Bg2 d5 20. Rd1 $13) 16... Bg5 17. f4 exf4 18. gxf4 (
18. Nxf4 Qb6) 18... Bh4+ 19. Ng3 O-O (19... Qb6 20. Nxa6 Qxg1 21. Nxb8 O-O 22.
Qf2 $14) 20. a5 {Verhindert Db6!} Re8 21. Be2 Qc7 22. Kf1 Qe7 23. Re1 Qf6 (
23... Qd7 {/\ Dh3}) 24. Nh5 Qe6 25. Rxg7+ Kf8 26. Rd1 (26. Rd1 Rxb4 $2 (26...
Bg6 $1 $19) 27. Rg4 $1 (27. Qxd6+ $2 Qxd6 28. Rxd6 Bg6 $19) (27. Qxb4 $2 Qh3+
28. Kg1 Qe3+ 29. Kf1 Qf2#)) 0-1

[Event "EU-chT (Men) 10th"]
[Site "Debrecen"]
[Date "1992.11.??"]
[Round "6.3"]
[White "Arnason, Jon Loftur"]
[Black "Hellers, Ferdinand"]
[Result "0-1"]
[WhiteElo "2515"]
[BlackElo "2510"]
[Annotator "Bulletin"]
[PlyCount "94"]
[EventDate "1992.11.20"]
[EventType "team-swiss"]
[EventRounds "9"]
[EventCountry "HUN"]
[SourceTitle "EU-chT"]
[Source "ChessBase"]
[SourceDate "1999.07.01"]
[SourceVersion "2"]
[SourceVersionDate "1999.07.01"]
[SourceQuality "1"]
[WhiteTeam "Iceland"]
[BlackTeam "Sweden"]
[WhiteTeamCountry "ISL"]
[BlackTeamCountry "SWE"]

1. e4 c5 2. Nf3 d6 3. d4 cxd4 4. Nxd4 Nf6 5. Nc3 a6 6. g3 e5 7. Nb3 b5 8. Bg5
Be7 (8... Nbd7 $1 9. a4 b4 10. Nd5 Rb8 $1 $14) 9. Bxf6 Bxf6 10. a4 bxa4 (10...
b4 11. Nd5 Bb7 12. Qd2 (12. a5 $1 $16 {><b4})) 11. Rxa4 O-O (11... Nc6 $1 12.
Nd5 $5 O-O 13. Qa1 a5 14. Bb5 (14. c3 Bg5 15. Bb5 Bb7 16. Bxc6 Bxc6 17. Rxa5 f5
$36) 14... Nd4 15. Nxd4 exd4 16. O-O Bb7 $14) 12. Na5 Be6 13. Bc4 Qd7 14. Bxe6
(14. Bd5 $1 Ra7 15. O-O Bd8 16. Nc4 Be7 (16... Bc7 $5) 17. Qa1 Nc6 $5 $14)
14... fxe6 15. Nc4 Be7 16. O-O (16. Nb6 $4 Qa7 $1 $19) 16... Ra7 17. Qg4 Rf6
18. Rfa1 Bf8 19. Ne2 Qc8 (19... Qc7 $5 {/\ d5}) 20. Nc1 Nc6 21. c3 Qb8 22. Qd1
Qb5 23. Nd3 a5 24. Qe2 d5 25. Nd2 Raf7 26. f3 (26. c4 $1 dxc4 27. Nxc4 Bc5 $5
28. Nxc5 Qxc5 29. Qe3 $1) 26... g6 27. Qe3 d4 (27... Bh6 $1 28. Qxh6 Qxd3) 28.
Qe2 (28. cxd4 exd4 29. Qe2 Ne5 $1 $19) 28... dxc3 (28... Bh6 29. c4 $1) 29.
bxc3 Bh6 30. Nc4 Rxf3 31. Kg2 Bf8 32. R1a2 (32. Qxf3 Rxf3 33. Kxf3 Bb4 $1 $19)
32... Bb4 (32... g5 $5) 33. Ncxe5 Nxe5 34. Nxe5 Rf2+ (34... Qxe5 35. cxb4 Rf2+
36. Qxf2 Qxe4+ 37. Kh3 $1 Rxf2 38. Rxf2 axb4 39. Rb2 $15) 35. Qxf2 Rxf2+ 36.
Kxf2 Bxc3 (36... Qxe5 37. cxb4 axb4 $13) 37. Nf3 (37. Nc4 $1 $10) 37... Bb4 38.
Kg2 Qd3 39. e5 Qe4 40. Rb2 g5 41. h3 h5 42. Ra1 g4 43. hxg4 hxg4 44. Rf1 gxf3+
45. Rxf3 a4 46. Rbf2 a3 47. g4 Qd5 0-1

[Event "EU-ch 17th"]
[Site "Gjakova"]
[Date "2016.05.14"]
[Round "3"]
[White "Lupulescu, Constantin"]
[Black "Wojtaszek, Radoslaw"]
[Result "0-1"]
[WhiteElo "2620"]
[BlackElo "2722"]
[Annotator "CB"]
[PlyCount "100"]
[EventDate "2016.05.12"]
[EventType "swiss"]
[EventRounds "11"]
[EventCountry "KOS"]
[SourceTitle "CBM 173"]
[Source "ChessBase"]
[SourceDate "2016.07.12"]
[SourceVersion "1"]
[SourceVersionDate "2016.07.12"]
[SourceQuality "1"]

1. e4 c5 2. Nf3 d6 3. d4 cxd4 4. Nxd4 Nf6 5. Nc3 a6 6. g3 e5 7. Nde2 Be7 8. Bg2
O-O 9. a4 (9. O-O {ist die Hauptvariante} b5) 9... Nc6 {Wojtaszek nutzt den
Umstand aus, dass sein Springer noch nicht auf das Najdorf-typische Feld d7
entwickelt wurde und sichert sich den Vorposten b4.} 10. O-O Nb4 11. b3 Be6 12.
Ba3 a5 {anders kann das Feld b4 nicht verteidigt werden. Das nachvollgende
Spiel zeigt jedoch, dass der Verlust den Feldes b5 nicht schwerwiegend ist.} (
12... Qa5 $2 13. Qd2 Rac8 14. Nd5 $18) (12... Qb6 $6 13. Qd2 Rac8 (13... a5)
14. a5 $1 $18) 13. Qd2 (13. Nb5 d5 $1 14. c3 Nc6 15. Bxe7 Nxe7 16. exd5 Bxd5
$11) 13... Rc8 14. Rac1 Re8 15. h3 d5 {Diagramm [#] kommt Schwarz vernünftig
zum Durchbruch d5, hat er in der Regel mindestens Ausgleich. Diese Stellung
ist keine Ausnahme, Lupulescu muss nun bereits aufpassen.} 16. exd5 Nfxd5 17.
Nxd5 Nxd5 18. Bxe7 Rxe7 19. Rfd1 Rd7 20. Qe1 Nb4 {attackiert sofort die
Schwächen am Damenflügel} (20... Qc7 21. c4 Nb4 22. Rxd7 Bxd7 23. Rd1 Bc6 {
die bessere schwrze Struktur wird durch die Besitznahme der d-Linie durch Weiß
aufgewogen} 24. Bxc6 bxc6 25. Qd2 $11) 21. Bxb7 Rcc7 22. Bg2 (22. Be4 $1 f5 23.
Bg2 Nxc2 24. Rxd7 Rxd7 25. Qc3 {und im Vergleicht zur Partiestellung hat Weiß
mehr Gegenspiel, da der Bauer auf f5 mehr eine Schwäche denn Stärke darstellt.}
Nb4 $2 26. Qxe5 {[%cal Ge5e6]} Bxb3 27. Nf4 $16) 22... Nxc2 23. Rxd7 Rxd7 24.
Qc3 Nb4 25. Qe3 (25. Qxe5 Nd3 $19) 25... f6 $15 {Wojteszek hat die bessere
Struktur und aktivere Figuren} 26. f4 $2 (26. Kh2 $142 Rd2 (26... Rd3 27. Qa7
$132 {[%cal Rc1c7,Rc1c5,Rc5a5]}) 27. Be4 Rb2 28. Rb1 $1 Rxb1 (28... Ra2 29. Rc1
Qd2 $4 30. Qb6 $18) 29. Bxb1 g6 $15) 26... Rd3 27. Qc5 Rd2 28. Qb5 h6 29. fxe5
Nd3 30. Rc3 Nxe5 {der schwarze König ist in Sicherheit während Weiß sich um
seinen Monarchen sorgen muss.} 31. Re3 Rb2 32. Kh2 (32. Nf4 $142 Bf7 33. Bd5 $1
Rd2 (33... Bxd5 34. Qxd5+ Qxd5 35. Nxd5 Kf7 36. g4 $15 {mit guten Remischancen}
) 34. Bxf7+ Kxf7 35. Qb7+ Rd7 36. Qe4 $17) 32... Bc4 $1 {wickelt in eine
gewonnene Stellung ab. Die weißen Figuren sind zu unkoordiniert um genug
Gegenspiel organisieren zu können.} 33. bxc4 Rxb5 34. cxb5 Qd2 35. Re4 Qb2 36.
Nd4 h5 37. Kg1 g5 38. Nf3 Qb1+ 39. Ne1 Nd3 40. Kf1 Nc5 41. Rc4 Nxa4 42. Rc8+
Kg7 43. Rb8 Qf5+ 44. Kg1 Qc5+ 45. Kh2 Nb6 46. Rb7+ Kf8 47. Nf3 a4 48. Nd2 a3
49. Ne4 Qd4 50. Ra7 Qb2 0-1

[Event "Moscow International-A"]
[Site "Moscow"]
[Date "1985.04.??"]
[Round "?"]
[White "Rodriguez Cespedes, Amador"]
[Black "Tukmakov, Vladimir B"]
[Result "0-1"]
[WhiteElo "2505"]
[BlackElo "2570"]
[Annotator "Dolmatov,S"]
[PlyCount "73"]
[EventDate "1985.04.12"]
[EventType "tourn"]
[EventRounds "11"]
[EventCountry "URS"]
[EventCategory "13"]
[SourceTitle "MCL"]
[Source "ChessBase"]
[SourceDate "1999.07.01"]
[SourceVersion "1"]
[SourceVersionDate "1999.07.01"]
[SourceQuality "1"]

1. e4 c5 2. Nf3 d6 3. d4 cxd4 4. Nxd4 Nf6 5. Nc3 a6 6. g3 e5 7. Nb3 (7. Nde2
Be7 8. Bg2 O-O 9. O-O $13) 7... b5 (7... Be7 8. Bg2 O-O $10) 8. Bg2 Nbd7 9. O-O
(9. a4 $5 b4 10. Nd5 Nxd5 11. Qxd5 Nb6 (11... Rb8 12. Be3 $14) 12. Qa5 d5 13.
exd5 Qd6 14. Be3 Nc4 15. Qc5 Qxc5 16. Bxc5 Nxb2 17. d6 $14) 9... Bb7 10. a4 b4
11. Nd5 Nxd5 12. exd5 a5 (12... Be7 $2 13. a5 $16) 13. f4 Be7 14. Be3 (14. fxe5
dxe5 (14... Nxe5 15. Nd4 $14) 15. d6 $2 Qb6+ 16. Rf2 Bxg2 17. dxe7 Bb7) 14...
O-O 15. f5 $6 (15. fxe5 Nxe5 (15... dxe5 $2 16. d6) 16. Nd4 Rc8 $132 {/\ Bg5})
15... Nb6 16. Be4 (16. h4 Nc4 17. Bf2 Nxb2 18. Qg4 Rc8 19. Be4 $13) 16... Bg5 (
16... Nc4 $5 17. Bf2 Nxb2 18. Qh5 $44) 17. Bf2 f6 18. Qf3 Nc4 19. Ra2 (19. Rab1
Qd7 20. h4 Bh6 $15) 19... Rb8 20. Rd1 Qc7 21. Qe2 Rfc8 22. Kg2 (22. Nc1 Ba6 $40
) 22... Qf7 23. Qf3 Rc7 24. Kg1 Bc8 25. Qe2 Bd7 26. Bd3 $6 (26. Nc1 $5 Rbc8 $2
27. b3 Na3 28. c4 $16) 26... Rbc8 (26... Qxd5 $2 27. Be4 Qf7 28. Bd5 $18) 27.
Nc1 $2 (27. Qe4 $10) 27... e4 $1 28. Bxe4 Re8 29. Qd3 (29. Rd4 $2 Nd2 $40)
29... Ne5 30. Qe2 Rc4 $17 (30... Nc4 $10) 31. Nb3 (31. Rd4 $2 Rxd4 32. Bxd4
Bxc1) 31... Rxe4 $1 32. Qxe4 Qh5 33. Rd3 Ng4 34. Qg2 Re2 35. Rf3 Rxf2 36. Rxf2
Be3 37. Kf1 0-1

[Event "San Francisco"]
[Site "San Francisco"]
[Date "1995.??.??"]
[Round "5"]
[White "Polgar, Sofia"]
[Black "Tisdall, Jonathan D"]
[Result "1-0"]
[WhiteElo "2500"]
[BlackElo "2470"]
[Annotator "Donev,I"]
[PlyCount "81"]
[EventDate "1995.??.??"]
[EventType "game"]
[EventCountry "ARG"]
[SourceTitle "CBM 046"]
[Source "ChessBase"]
[SourceDate "1995.06.01"]
[SourceVersion "1"]
[SourceVersionDate "1995.06.01"]
[SourceQuality "1"]

1. e4 c5 2. Nf3 d6 3. d4 cxd4 4. Nxd4 Nf6 5. Nc3 a6 6. g3 e5 7. Nde2 b5 8. Bg2
Bb7 9. O-O Nbd7 10. Nd5 Nxd5 11. exd5 Be7 12. a4 O-O (12... b4 13. c4 bxc3 14.
Nxc3 O-O 15. a5 Rc8 16. Be3 f5 17. f4 $10) (12... bxa4 13. Rxa4 O-O 14. Be3 Bg5
15. Bxg5 Qxg5 16. c4 $14) 13. Be3 (13. axb5 axb5 14. Rxa8 Qxa8 $1 15. Nc3 b4 (
15... Qa5 $5 $10) 16. Qg4 Nf6 17. Qxb4 Nxd5 18. Qb3 Nb4 $1 $10) 13... Qc7 (
13... Bg5 14. Bxg5 Qxg5 15. axb5 axb5 16. Qd3 $14) 14. Qd2 (14. axb5 axb5 15.
Qd2 Rfc8 16. Qb4 Qc4 $1 $10 (16... Qxc2 17. Qxb5 $14)) 14... Rfc8 15. Rfc1 Nb6
(15... bxa4 16. c4 Nc5 17. Bxc5 Qxc5 18. Rxa4 $14) 16. c3 (16. axb5 Nc4 (16...
axb5 17. Rxa8 Rxa8 18. b3 Ra2 19. Qb4 $13) 17. b6 Qd7 18. Qb4 Nxe3 19. fxe3 Bg5
20. Ra3 Qb5 $1 $10) 16... bxa4 (16... Nc4 $5 17. Qc2 Nxe3 18. fxe3 Bg5 $15) 17.
Bxb6 Qxb6 18. Rxa4 f5 19. c4 a5 (19... h6 $5) 20. Nc3 Rf8 21. Rca1 Bf6 22. Nb5
$14 e4 23. R1a2 f4 $6 (23... Rfc8 24. b3 $14) (23... Ra6 24. Rxa5 Rxa5 25. Qxa5
Qxa5 26. Rxa5 Be5 27. b4 $16) 24. gxf4 Rae8 25. Qe3 (25. Qxa5 Qc5 26. Nc7 Qxa5
27. Rxa5 $16) 25... Qd8 26. Rxa5 $16 Bc8 27. Ra7 g5 28. Rc7 gxf4 29. Qxf4 e3
30. fxe3 Bg5 31. Qg3 Rxe3 32. Raa7 (32. Rxc8 $5 Rxg3 33. Rxd8 Rxg2+ 34. Kxg2
Rxd8 35. Ra7 $18) 32... Bf5 (32... Rxg3 $2 33. Rg7+ Kh8 34. Rxh7+ Kg8 35. Rag7#
) 33. Bf3 (33. Rg7+ Kh8 34. Qxg5 $2 (34. Bf3 $142) 34... Re1+ 35. Bf1 Rxf1+ $1
36. Kxf1 Bg6+ $19) 33... Bg6 34. Rg7+ Kh8 35. Qh3 Bh4 36. Qg4 Qf6 (36... Qg5
37. Qxg5 Bxg5) 37. Nd4 Rd3 $2 (37... Re1+ $142 38. Kg2 Bd3 {/\Bf1} 39. Ne2
Qxf3+ 40. Qxf3 Rxf3 41. Kxf3 Bxe2+ 42. Kf4 Bd3 43. Rgc7 Re8 $14) (37... Re5
$142 $13) 38. Rxh7+ Bxh7 39. Rxh7+ Kxh7 40. Be4+ Kh6 41. Nf5+ 1-0

[Event "Abu Dhabi op 23rd"]
[Site "Abu Dhabi"]
[Date "2016.08.29"]
[Round "9"]
[White "Predke, Alexandr"]
[Black "Andreikin, Dmitry"]
[Result "0-1"]
[WhiteElo "2553"]
[BlackElo "2733"]
[Annotator "Fischer,J"]
[PlyCount "124"]
[EventDate "2016.08.21"]
[EventType "swiss"]
[EventRounds "9"]
[EventCountry "UAE"]
[SourceTitle "CBM 174 Extra"]
[Source "ChessBase"]
[SourceDate "2016.10.10"]
[SourceVersion "1"]
[SourceVersionDate "2016.10.10"]
[SourceQuality "1"]

1. e4 c5 2. Nf3 d6 3. d4 cxd4 4. Nxd4 Nf6 5. Nc3 a6 6. g3 g6 7. Bg2 Bg7 8. O-O
O-O 9. h3 Nc6 10. Be3 Bd7 11. Nd5 Rc8 12. Nxc6 Bxc6 13. c3 Nd7 14. a4 a5 15.
Bd4 Bxd4 16. Qxd4 e6 17. b4 $6 {[#]Aggressive but weakening.} ({More solid and
careful was} 17. Ne3 {with a roughly equal position.}) 17... Bxd5 18. exd5 e5
$1 {Leading to a structure in which Black's knight is much better than White's
bishop - particularly so if Black manages to free c5 for his knight.} 19. Qd3
Qb6 20. Rfb1 Rc7 21. Bf1 Ra8 22. bxa5 Qxa5 23. Rb5 Qa7 24. a5 Rc5 25. Rab1 Rxb5
26. Qxb5 Nc5 27. Qb6 {[#]} Qxb6 {Black prefers a solid edge in a good knight
vs bad bishop endgame that he cannot lose to the complications that might
arise after} (27... Qxa5 28. Qxd6 Qxc3 29. Qc7 {Black is a pawn up and might
objectively be better but White's d-pawn looks dangerous.}) 28. Rxb6 Rd8 29. a6
bxa6 30. Bxa6 e4 31. Be2 Kg7 32. f4 exf3 33. Bxf3 f5 34. Rc6 Kf6 35. Kf2 h6 36.
h4 g5 37. hxg5+ hxg5 38. Bg2 Ke5 39. Rc7 Ra8 40. Re7+ Kf6 41. Re2 Ra3 42. Re3
Ra2+ 43. Kf1 Rc2 44. g4 fxg4 45. Be4 Rd2 46. Ke1 Rh2 47. c4 Ke5 48. Bg2+ Kd4
49. Rg3 Nd3+ 50. Kf1 Nf4 51. c5 Kxc5 52. Be4 Nxd5 53. Bxd5 Kxd5 54. Rxg4 Rh5
55. Kf2 Ke5 56. Rg1 d5 57. Re1+ Kd4 58. Rd1+ Kc5 59. Kf3 Rh4 60. Rc1+ Rc4 61.
Rg1 g4+ 62. Ke3 g3 0-1

[Event "EU-Cup 18th"]
[Site "Kallithea"]
[Date "2002.09.27"]
[Round "6.2"]
[White "Atlas, Valeri"]
[Black "Olafsson, Helgi"]
[Result "1-0"]
[WhiteElo "2501"]
[BlackElo "2476"]
[Annotator "Ftacnik,L"]
[PlyCount "55"]
[EventDate "2002.09.22"]
[EventType "team-swiss"]
[EventRounds "7"]
[EventCountry "GRE"]
[SourceTitle "CBM 092"]
[Source "ChessBase"]
[SourceDate "2003.02.06"]
[SourceVersion "1"]
[SourceVersionDate "2003.02.06"]
[SourceQuality "1"]
[WhiteTeam "Hohenems"]
[BlackTeam "Reykjavik Hellir"]
[WhiteTeamCountry "AUT"]
[BlackTeamCountry "ISL"]

1. e4 c5 2. Nf3 d6 3. d4 cxd4 4. Nxd4 Nf6 5. Nc3 a6 6. g3 e5 7. Nb3 Be7 8. Bg2
Nbd7 9. O-O b5 10. Bd2 $5 O-O 11. a4 {[%mdl 4] The plan with Bd2 is very
dangerous against black's pawn structure as his defense is complicated by the
weakness of a5 square.} b4 (11... bxa4 12. Nxa4 Bb7 13. Re1 Nc5 14. Naxc5 dxc5
15. Na5 $14) 12. Nd5 Nxd5 (12... a5 $5 13. Nxe7+ (13. c3 Nxd5 14. exd5 bxc3 15.
Bxc3 Qb6 $13) 13... Qxe7 14. c3 Qe6 15. cxb4 axb4 $13) 13. exd5 a5 14. c3 Rb8 (
14... bxc3 15. Bxc3 Qb6 16. Ra3 Nf6 17. Qd2 Bd8 $13) 15. Re1 Ba6 (15... bxc3
16. Bxc3 Ra8 17. h4 (17. Qd2 Bg5 $1) 17... Qb6 $13) 16. cxb4 axb4 17. Re4 Nc5
18. Rxb4 (18. Nxc5 dxc5 19. f4 c4 20. fxe5 Qxd5 21. Be3 $11) 18... Rxb4 19.
Bxb4 Nd3 (19... Nxb3 20. Qxb3 Qb6 21. a5 Qb7 22. Qa3 $16) 20. Ba5 $1 (20. Bc3
Qb6 21. Qc2 Nxf2 22. Qxf2 Qxb3 $11) 20... Qb8 (20... Qd7 21. Qc2 (21. Bc3 Nxf2
$1 22. Kxf2 Qa7+ 23. Kf3 (23. Bd4 exd4 24. Qxd4 Qb7 $13) 23... e4+ 24. Kxe4 Qf2
$19) 21... Rc8 22. Bc3 $14) 21. Bf1 $1 {Black played with lots of phantasy and
came close to the real counterplay. Atlas finds a fine way of eliminating the
intruder knight.} Nxb2 (21... Bc4 22. Bxd3 Bxb3 23. Bc2 Bxc2 24. Qxc2 Qa8 25.
Qd2 Bg5 $14) (21... e4 22. Bc3 f5 (22... Qb7 23. Qg4 $18) 23. Nd4 Bf6 24. Nc6
$16) 22. Qc2 Bxf1 23. Kxf1 (23. Rxf1 Nxa4 $17) 23... Qb7 24. Qxb2 Rb8 25. Rb1 (
25. Ra3 Qxd5 26. Qc2 Qh1+ 27. Ke2 d5 28. Ra2 Qxh2 $14) 25... Qxd5 26. Kg1 Qc4
27. Qa2 (27. Bd2 Qxa4 28. Qc3 $16) 27... d5 28. Rc1 {This move may be winning
in a long run but it was probably more exact to opt for 28.Bd2! and a pawn
march.} (28. Rc1 Qxb3 29. Qxb3 Rxb3 30. Rc8+ Bf8 31. Bd8 (31. Bc7 Rc3 32. a5
Rc6) 31... Rb7 32. a5 f6 33. a6 (33. Kg2 Kf7 (33... d4 34. a6 Ra7 35. Bb6 Rxa6
36. Bc5 $16) 34. a6 Ra7 35. Rc7+ Rxc7 36. Bxc7 Bc5 37. Bb8 $18) 33... Ra7 34.
Bb6 Rxa6 35. Bc5 Kf7 36. Rxf8+ $16) (28. Bd2 $1 e4 29. a5 $18) 1-0